000 01633nam a22002177a 4500
999 _c59413
_d59413
003 Ge_BSU
005 20230213144309.0
008 230213s2004 ge ||||| |||| 00| 0 geo d
020 _a9994072994
041 _ageo
080 _a341.231.14 343.25 წ-19
245 _aწამების აკრძალვა :
_b "არავინ შეიძლება დაექვემდებაროს წამებას ან არაადამიანურ ან დამამცირებელ მოპყრობას ან დასჯას" : ადამიანის უფლებათა ევროპული კონვენციის მე-3 მუხლი /
_c საქ. ახალგაზრდა იურისტთა ასოციაცია ; [რედ.: ირაკლი სესიაშვილი, ბესარიონ ბოხაშვილი ; თარგმანი: რუსუდან ტუშური, ნიკოლოზ გეგეშიძე].
264 _aთბილისი,
_c2004.
300 _a387 გვ. ;
_b20 სმ.
490 _aახალგაზრდა იურისტთა ბიბლიოთეკა
_v5
504 _a ბიბლიოგრ. ტექსტის შენიშვნ.
653 _aადამიანის უფლებათა ევროპული კონვენცია.
653 _aადამიანის წამება
700 _aსესიაშვილი, ირაკლი
_eრედაქტორი
_916900
942 _2udc
_cBK